| 000 | 00803nam a22002177a 4500 | ||
|---|---|---|---|
| 003 | OSt | ||
| 005 | 20250621025811.0 | ||
| 008 | 250619b |||||||| |||| 00| 0 eng d | ||
| 020 | _a978-621-427-207-5 | ||
| 040 |
_aDWCL - Main lib _cOC |
||
| 082 | _aFil. 375.001 O77t 2024 | ||
| 100 | _aOrtinero- Gallardo, Bernadette | ||
| 245 |
_aThe teacher and the school curriculum/ _cBernadette Ortinero- Gallardo & Jonathan Mañas |
||
| 260 |
_aIntramuros, Manila: _bUnlimited Books Library Services & Publishing Inc., _cc2024. |
||
| 300 |
_avi, 179 pages: _billustrations; _c22cm. |
||
| 504 | _aIncludes bibliographical references. | ||
| 650 | _a1. Education - Curricula - Philippines. | ||
| 650 | _a2. Curriculum planning - Philippines. | ||
| 700 | _aMañas, Jonathan | ||
| 942 |
_2ddc _cBK - FIL _kFil. _n0 |
||
| 999 |
_c3158 _d3158 |
||